[Event "Millenium"]
[Site "Charlesbourg CAN"]
[Date "2003.12.15"]
[Round "5"]
[White "Lessard, Claude"]
[Black "Dorion, Francois"]
[Result "1-0"]
[WhiteElo "1858"]
[BlackElo "1858"]
[PlyCount "63"]
[EventDate "2003.11.17"]
[EventType "swiss"]
[EventRounds "5"]
[EventCountry "CAN"]

1. d4 Nf6 2. c4 e6 3. Nc3 Bb4 4. Nf3 b6 5. Bg5 h6 6. Bh4 Bb7 7. e3 Bxc3+ 8.
bxc3 d6 9. Bd3 Nbd7 10. Qe2 Qe7 11. a4 a5 12. e4 O-O-O 13. c5 dxc5 14. Rb1 e5
15. d5 Rde8 16. Nd2 g5 17. Bg3 h5 18. h3 h4 19. Bh2 Rhg8 20. Ba6 g4 21. Bxb7+
Kxb7 22. Qb5 Rg6 23. Nc4 Nxe4 24. Nxa5+ Ka7 25. Nc6+ Rxc6 26. dxc6 Ndf6 27. a5
Nd5 28. axb6+ cxb6 29. Ra1+ Kb8 30. Qa6 Nexc3 31. O-O gxh3 32. Bxe5+ 1-0

[Event "Millenium"]
[Site "Charlesbourg CAN"]
[Date "2003.12.15"]
[Round "5"]
[White "Marchand, Bruno"]
[Black "Beaudoin, Stephane"]
[Result "0-1"]
[WhiteElo "1799"]
[BlackElo "2014"]
[PlyCount "100"]
[EventDate "2003.11.17"]
[EventType "swiss"]
[EventRounds "5"]
[EventCountry "CAN"]

1. d4 Nf6 2. c4 c5 3. d5 e6 4. Nc3 exd5 5. cxd5 d6 6. e4 g6 7. Nf3 Bg7 8. Be2
O-O 9. O-O a6 10. Bg5 b5 11. Qc2 Nbd7 12. a4 b4 13. Nd1 Qc7 14. Ne3 h6 15. Bh4
Re8 16. Nd2 b3 17. Qxb3 Nxe4 18. Nxe4 Rxe4 19. Bg3 Rb4 20. Qd3 Ne5 21. Bxe5
Bxe5 22. Nc4 Bxb2 23. Nxb2 Rxb2 24. Rfe1 Rab8 25. Qe3 Qd8 26. Qxh6 Qf6 27. Bf3
Bf5 28. Ra3 Bd7 29. Rae3 R2b4 30. g4 Rb1 31. Bd1 Qa1 32. Rh3 Rxd1 33. Qh7+ Kf8
34. Qh6+ Qg7 35. Qxg7+ Kxg7 36. Rxd1 Bxg4 37. Rhd3 Bxd1 38. Rxd1 Rb4 39. Ra1
Kf6 40. a5 Rb5 41. f4 Rb4 42. Kg2 Rxf4 43. Kg3 Rd4 44. Rf1+ Kg7 45. Rb1 Rb4 46.
Ra1 g5 47. Kf3 Kf6 48. Ke3 Ke5 49. Rf1 f5 50. Rf2 Rb3+ 0-1

[Event "Monarque Noir"]
[Site "Bonaventure CAN"]
[Date "2003.06.10"]
[Round "3"]
[White "Lavoie, Benoit"]
[Black "Page, Denis"]
[Result "1-0"]
[WhiteElo "1487"]
[BlackElo "1628"]
[PlyCount "73"]
[EventDate "2003.06.09"]
[EventType "swiss"]
[EventRounds "4"]
[EventCountry "CAN"]

1. c4 f5 2. d4 e6 3. g3 Nf6 4. Bg2 Be7 5. Nf3 O-O 6. O-O d6 7. Qc2 Qe8 8. Nc3
Nbd7 9. e4 fxe4 10. Nxe4 Nxe4 11. Qxe4 Nf6 12. Qd3 c6 13. Bf4 Qh5 14. Bg5 Ng4
15. h4 Bxg5 16. Nxg5 Rf5 17. f4 Nf6 18. Bh3 Ra5 19. b4 Ra6 20. Bxe6+ Bxe6 21.
Nxe6 Rc8 22. a4 d5 23. c5 h6 24. a5 Ne4 25. f5 Qf7 26. Rae1 Re8 27. g4 Rxe6 28.
fxe6 Qxe6 29. Qf3 Qe8 30. Qd3 Qc8 31. Rf4 b6 32. Ref1 Nf6 33. Qg6 Qe6 34. Rxf6
Qe3+ 35. R1f2 Qg3+ 36. Kf1 Qb8 37. Rf7 1-0

[Event "Monarque Noir"]
[Site "Bonaventure CAN"]
[Date "2003.06.10"]
[Round "4"]
[White "Page, Denis"]
[Black "Lavoie, Benoit"]
[Result "0-1"]
[WhiteElo "1628"]
[BlackElo "1487"]
[PlyCount "100"]
[EventDate "2003.06.09"]
[EventType "swiss"]
[EventRounds "4"]
[EventCountry "CAN"]

1. e4 e5 2. Nf3 Nc6 3. Bb5 Nf6 4. O-O Bc5 5. Qe2 Qe7 6. c3 O-O 7. Re1 d6 8. d4
exd4 9. Bxc6 bxc6 10. cxd4 Bb6 11. Bg5 Bg4 12. Nbd2 Bxd4 13. h3 Bxf3 14. Nxf3
c5 15. e5 Rfe8 16. Bxf6 gxf6 17. Nxd4 cxd4 18. Qg4+ Kh8 19. exd6 Qxd6 20. Qd1
c5 21. Qd3 Qd5 22. Rxe8+ Rxe8 23. Rc1 Re5 24. b3 Qd6 25. Kf1 Qc6 26. Rc2 a6 27.
Qf3 Qd6 28. Rd2 Qb6 29. Re2 Qe6 30. Qd3 Kg7 31. f4 Rxe2 32. Qxe2 Qd6 33. Qg4+
Kf8 34. Ke2 Ke7 35. Kd3 Qe6 36. Qe2 Qxe2+ 37. Kxe2 Ke6 38. g4 Kd5 39. Kd3 h6
40. h4 f5 41. g5 h5 42. a3 a5 43. a4 Kd6 44. Kc4 Kc6 45. b4 axb4 46. a5 Kb7 47.
g6 fxg6 48. Kxc5 d3 49. Kxb4 d2 50. Kb5 d1=Q 0-1

[Event "Monday #6"]
[Site "Toronto CAN"]
[Date "2003.06.23"]
[Round "1"]
[White "Siddeley, Hugh"]
[Black "Veltmann, Martin"]
[Result "1-0"]
[WhiteElo "2056"]
[BlackElo "2033"]
[PlyCount "95"]
[EventDate "2003.06.23"]
[EventType "tourn"]
[EventRounds "5"]
[EventCountry "CAN"]

1. e4 c5 2. Nf3 d6 3. d4 cxd4 4. Nxd4 Nf6 5. Nc3 a6 6. Bg5 e6 7. f4 Be7 8. Qf3
Qc7 9. O-O-O Nbd7 10. Bd3 b5 11. Rhe1 Bb7 12. a3 O-O-O 13. Qe2 Nc5 14. Kb1 Rhe8
15. h3 d5 16. Bxf6 Bxf6 17. e5 Be7 18. g4 Qb6 19. Qe3 Nd7 20. Bxh7 b4 21. axb4
Bxb4 22. Nb3 Rh8 23. Bd3 Qc7 24. Bf1 Nc5 25. Qd4 Bxc3 26. Qxc3 Ne4 27. Qxc7+
Kxc7 28. Re3 Kb6 29. Rd4 Rc8 30. Rb4+ Ka7 31. Kc1 f6 32. Nd4 fxe5 33. fxe5 Nc5
34. Kd1 Rcf8 35. Be2 Rf2 36. Ke1 Rh2 37. Bf1 Rf8 38. Re2 Rh1 39. Rf2 Rxf2 40.
Kxf2 a5 41. Rxb7+ Kxb7 42. Kg2 Rxf1 43. Kxf1 Kc7 44. Kg2 Kd7 45. Kf3 g5 46. Ke3
Ne4 47. Nf3 Kc6 48. Kd4 1-0

[Event "Monday #6"]
[Site "Toronto CAN"]
[Date "2003.06.30"]
[Round "2"]
[White "Veltmann, Martin"]
[Black "Henderson, Fred"]
[Result "0-1"]
[WhiteElo "2033"]
[BlackElo "1860"]
[PlyCount "60"]
[EventDate "2003.06.23"]
[EventType "tourn"]
[EventRounds "5"]
[EventCountry "CAN"]

1. c4 g6 2. Nc3 Bg7 3. Nf3 Nf6 4. e4 d6 5. d4 O-O 6. Be2 e5 7. O-O Nc6 8. d5
Ne7 9. Ne1 Nd7 10. Be3 f5 11. f3 f4 12. Bf2 g5 13. Nd3 Ng6 14. c5 Nf6 15. cxd6
cxd6 16. Rc1 Rf7 17. Qc2 h5 18. Nb5 Ne8 19. Nxa7 Bd7 20. a4 g4 21. Nb5 Bf8 22.
Kh1 Qg5 23. Be1 g3 24. Bd1 Qh4 25. h3 Bxh3 26. gxh3 Qxh3+ 27. Kg1 Nh4 28. Bb4
g2 29. Re1 Qh1+ 30. Kf2 Rg7 0-1

[Event "Monday #6"]
[Site "Toronto CAN"]
[Date "2003.07.07"]
[Round "3"]
[White "Vadachkoriya, Irakli"]
[Black "Veltmann, Martin"]
[Result "1/2-1/2"]
[WhiteElo "1943"]
[BlackElo "2033"]
[PlyCount "84"]
[EventDate "2003.06.23"]
[EventType "tourn"]
[EventRounds "5"]
[EventCountry "CAN"]

1. e4 c5 2. Nf3 d6 3. d4 cxd4 4. Nxd4 Nf6 5. Nc3 a6 6. Bg5 e6 7. f3 Be7 8. Qd2
Nc6 9. O-O-O Nxd4 10. Qxd4 O-O 11. Be3 e5 12. Qb6 Qxb6 13. Bxb6 Be6 14. Nd5
Bxd5 15. exd5 Nd7 16. Be3 Rac8 17. Kb1 f5 18. c4 Bf6 19. b4 Rfe8 20. Rc1 b6 21.
Bd3 e4 22. fxe4 fxe4 23. Be2 Rb8 24. Bg4 Ne5 25. Be6+ Kh8 26. a3 Re7 27. Ka2
Nd3 28. Rc2 g6 29. Rf1 Kg7 30. g4 g5 31. Kb3 h6 32. Re2 Be5 33. Bd2 b5 34. cxb5
Rxb5 35. h4 gxh4 36. Ka4 Rc7 37. Rxe4 Rc2 38. g5 Rxd2 39. gxh6+ Kxh6 40. Rxh4+
Kg5 41. Rg4+ Kh5 42. Rf7 Bf4 1/2-1/2

[Event "Monday #6"]
[Site "Toronto CAN"]
[Date "2003.07.19"]
[Round "4"]
[White "Veltmann, Martin"]
[Black "Haziprodromu, Sam"]
[Result "1-0"]
[WhiteElo "2033"]
[BlackElo "1931"]
[PlyCount "133"]
[EventDate "2003.06.23"]
[EventType "tourn"]
[EventRounds "5"]
[EventCountry "CAN"]

1. c4 Nf6 2. Nc3 c5 3. Nf3 d5 4. cxd5 Nxd5 5. Nxd5 Qxd5 6. g3 g6 7. Bg2 Bg7 8.
O-O Qd7 9. d3 Nc6 10. a3 O-O 11. Rb1 b6 12. b4 cxb4 13. axb4 Bb7 14. Be3 e5 15.
b5 Ne7 16. Ng5 Bxg2 17. Kxg2 Nd5 18. Bd2 h6 19. Ne4 Rac8 20. Qb3 Rc7 21. Rfc1
Rfc8 22. Rxc7 Rxc7 23. Rc1 Kh7 24. Rxc7 Nxc7 25. Nc3 f5 26. Qa4 Qd4 27. Qc4 Qd7
28. Qa4 Ne6 29. Qc4 Nd4 30. Be3 Ne6 31. f3 f4 32. Bf2 fxg3 33. hxg3 Ng5 34. Nd5
Qh3+ 35. Kg1 h5 36. Ne7 Qe6 37. Qxe6 Nxe6 38. Nc6 Bf8 39. Nxa7 Bc5 40. Nc8
Bxf2+ 41. Kxf2 Nc7 42. Nxb6 Nxb5 43. Nd7 Kg7 44. Nxe5 Kf6 45. Nc4 Ke6 46. e4
Nd4 47. Ke3 Nc2+ 48. Kf4 Ne1 49. d4 g5+ 50. Ke3 h4 51. gxh4 gxh4 52. d5+ Ke7
53. Kf2 h3 54. Kg3 h2 55. Kxh2 Nxf3+ 56. Kg3 Ne1 57. Kf4 Nd3+ 58. Kf5 Nb4 59.
d6+ Kd7 60. e5 Nd5 61. e6+ Ke8 62. Ke5 Nb4 63. Na5 Kd8 64. Kd4 Ke8 65. Kc5 Nd3+
66. Kb6 Nf4 67. d7+ 1-0

[Event "Monday #6"]
[Site "Toronto CAN"]
[Date "2003.07.21"]
[Round "5"]
[White "Chan, Walter H"]
[Black "Veltmann, Martin"]
[Result "1-0"]
[WhiteElo "1894"]
[BlackElo "2033"]
[PlyCount "53"]
[EventDate "2003.06.23"]
[EventType "tourn"]
[EventRounds "5"]
[EventCountry "CAN"]

1. d4 Nf6 2. c4 g6 3. Nc3 Bg7 4. e4 O-O 5. Nge2 d6 6. Ng3 c5 7. d5 e6 8. Be2
exd5 9. exd5 Nbd7 10. O-O Re8 11. Bf4 Ne5 12. Qd2 a6 13. Rae1 Rb8 14. Bg5 Qa5
15. f4 Ned7 16. f5 b5 17. Qf4 bxc4 18. Nge4 Nxe4 19. Nxe4 Be5 20. Qh4 Bd4+ 21.
Kh1 Rxb2 22. f6 Rxe4 23. Qxe4 Ne5 24. Qh4 Qd8 25. Bxc4 Bb7 26. Bb3 c4 27. Qxd4
1-0

[Event "Montcalm I 2003-04"]
[Site "Quebec CAN"]
[Date "2003.09.11"]
[Round "1"]
[White "Heilmann, Uwe"]
[Black "Bourassa, Andre"]
[Result "0-1"]
[WhiteElo "1316"]
[BlackElo "1744"]
[PlyCount "22"]
[EventDate "2003.09.11"]
[EventType "swiss"]
[EventRounds "5"]
[EventCountry "CAN"]

1. e4 c5 2. f4 e5 3. d3 Nc6 4. Nf3 d6 5. Be3 Nf6 6. Be2 Ng4 7. Bd2 exf4 8. Bxf4
Nce5 9. O-O Qb6 10. d4 cxd4 11. Qxd4 Nxf3+ 0-1

[Event "Montcalm I 2003-04"]
[Site "Quebec CAN"]
[Date "2003.09.18"]
[Round "2"]
[White "Bourassa, Andre"]
[Black "Leveillee, Philippe"]
[Result "1-0"]
[WhiteElo "1744"]
[BlackElo "1398"]
[PlyCount "51"]
[EventDate "2003.09.11"]
[EventType "swiss"]
[EventRounds "5"]
[EventCountry "CAN"]

1. d4 Nf6 2. c4 e6 3. Nf3 b6 4. Bg5 Be7 5. Nc3 Bb7 6. e3 O-O 7. Bd3 d5 8. O-O
Nbd7 9. Rc1 Rc8 10. Qe2 c5 11. Rfd1 Ne4 12. Bxe7 Qxe7 13. cxd5 Bxd5 14. Bxe4
Bxe4 15. Nxe4 f5 16. Nc3 g5 17. Ne5 Nxe5 18. dxe5 g4 19. Rd6 Rce8 20. Rcd1 Qg7
21. Qa6 Qxe5 22. Qxa7 Rf6 23. Rd8 Rff8 24. Rxe8 Rxe8 25. Qxb6 Kf7 26. Qd6 1-0

[Event "Montcalm I 2003-04"]
[Site "Quebec CAN"]
[Date "2003.09.18"]
[Round "2"]
[White "Caron, Sebastien"]
[Black "Audet-Bouchard, Nicolas"]
[Result "0-1"]
[WhiteElo "1771"]
[BlackElo "2176"]
[PlyCount "101"]
[EventDate "2003.09.11"]
[EventType "swiss"]
[EventRounds "5"]
[EventCountry "CAN"]

1. e4 c5 2. Nf3 Nc6 3. d4 cxd4 4. Nxd4 Nf6 5. Nc3 d6 6. Bc4 e6 7. Be3 a6 8. f3
Qc7 9. Bb3 Na5 10. Rc1 Nc4 11. Bxc4 Qxc4 12. Qd3 Qc7 13. Nde2 Bd7 14. O-O Be7
15. Bf2 O-O 16. Qe3 Bc6 17. Nd4 Nd7 18. Nce2 d5 19. exd5 Bxd5 20. c4 Bc6 21. a3
Bd6 22. g3 b6 23. Nxc6 Qxc6 24. Nd4 Qc7 25. Rfd1 Ne5 26. Qe2 Rfd8 27. b4 Rac8
28. Nb3 Nxc4 29. Rd4 b5 30. Nd2 Be7 31. Rxd8+ Bxd8 32. Nxc4 bxc4 33. Bc5 h5 34.
Rxc4 Qc6 35. Rc1 Qa4 36. Qd3 Bf6 37. Re1 Rd8 38. Qe3 h4 39. Kg2 Qc2+ 40. Re2
Qd1 41. Qf2 Qc1 42. Qe3 Qd1 43. Qf2 hxg3 44. hxg3 Rd3 45. Ra2 Qb3 46. Qc2 Rxf3
47. Qxb3 Rxb3 48. Rc2 Rb2 49. Rxb2 Bxb2 50. a4 Be5 51. g4 0-1

[Event "Montcalm I 2003-04"]
[Site "Quebec CAN"]
[Date "2003.09.18"]
[Round "2"]
[White "Lachance, Norbert"]
[Black "Auger, Bertrand"]
[Result "0-1"]
[WhiteElo "1719"]
[BlackElo "2052"]
[PlyCount "37"]
[EventDate "2003.09.11"]
[EventType "swiss"]
[EventRounds "5"]
[EventCountry "CAN"]

1. d4 e6 2. c4 Nf6 3. Nf3 b6 4. g3 Bb7 5. Bg2 Bb4+ 6. Nbd2 O-O 7. O-O Re8 8. a3
Bf8 9. Re1 d6 10. e4 e5 11. d5 a5 12. Qa4 Nbd7 13. Nb3 g6 14. Bh3 Bc8 15. Kg2
h6 16. Re2 b5 17. cxb5 Nb6 18. Qxa5 Bxh3+ 19. Kxh3 0-1

[Event "Montcalm I 2003-04"]
[Site "Quebec CAN"]
[Date "2003.09.25"]
[Round "3"]
[White "Audet-Bouchard, Nicolas"]
[Black "Plante, Hendrick"]
[Result "1-0"]
[WhiteElo "2176"]
[BlackElo "1738"]
[PlyCount "87"]
[EventDate "2003.09.11"]
[EventType "swiss"]
[EventRounds "5"]
[EventCountry "CAN"]

1. e4 c5 2. Nf3 d6 3. d4 cxd4 4. Nxd4 Nf6 5. Nc3 e5 6. Nb3 Be6 7. Bg5 Be7 8.
Qd2 O-O 9. O-O-O Nbd7 10. f3 a6 11. h4 b5 12. g4 Bc4 13. Bxf6 Nxf6 14. g5 Nh5
15. Nd5 Ng3 16. Bxc4 Nxh1 17. Nxe7+ Qxe7 18. Bd5 Ng3 19. Bxa8 Rxa8 20. Qxd6
Ne2+ 21. Kb1 Qxd6 22. Rxd6 Kf8 23. Nc5 a5 24. Nd3 Ke7 25. Rd5 f6 26. Rxb5 Ra7
27. Rd5 Ng1 28. gxf6+ gxf6 29. Ne1 Ne2 30. c4 a4 31. Kc2 Ke6 32. Rd8 Nd4+ 33.
Kc3 Rb7 34. Nd3 Rc7 35. Ra8 Nxf3 36. Rxa4 Nxh4 37. b4 Nf3 38. b5 Nd4 39. b6 Rc8
40. b7 Rb8 41. Ra8 Nc6 42. Nb4 Rxb7 43. Nxc6 Rc7 44. Nb4 1-0

[Event "Montcalm I 2003-04"]
[Site "Quebec CAN"]
[Date "2003.09.25"]
[Round "3"]
[White "Auger, Bertrand"]
[Black "Bourassa, Andre"]
[Result "1-0"]
[WhiteElo "2052"]
[BlackElo "1744"]
[PlyCount "63"]
[EventDate "2003.09.11"]
[EventType "swiss"]
[EventRounds "5"]
[EventCountry "CAN"]

1. Nf3 d5 2. g3 Nf6 3. Bg2 c5 4. O-O Nc6 5. d4 cxd4 6. Nxd4 e5 7. Nxc6 bxc6 8.
c4 Bc5 9. Qa4 Bd7 10. Rd1 Qb6 11. e3 O-O 12. h3 e4 13. Bd2 d4 14. b4 dxe3 15.
bxc5 exf2+ 16. Kxf2 Qxc5+ 17. Be3 Qh5 18. Rxd7 Nxd7 19. Nc3 Qe5 20. Qa3 Nb6 21.
Bf1 Qf6+ 22. Kg1 Qf3 23. Bf2 e3 24. Be1 Rad8 25. Be2 Qf6 26. Qxa7 Rd2 27. Rc1
Rb2 28. Qa3 Rxe2 29. Nxe2 Nd7 30. Qxe3 Ne5 31. Kg2 Nxc4 32. Rxc4 1-0

[Event "Montcalm I 2003-04"]
[Site "Quebec CAN"]
[Date "2003.09.25"]
[Round "3"]
[White "Leclerc, Jean-Francois"]
[Black "Sauve, Richard"]
[Result "0-1"]
[WhiteElo "1419"]
[BlackElo "1921"]
[PlyCount "68"]
[EventDate "2003.09.11"]
[EventType "swiss"]
[EventRounds "5"]
[EventCountry "CAN"]

1. b3 d5 2. Bb2 Nf6 3. e3 c5 4. Bb5+ Nbd7 5. f4 a6 6. Be2 e6 7. Nf3 Be7 8. O-O
O-O 9. Ne5 Ne8 10. d3 f6 11. Nf3 Nd6 12. g4 Re8 13. Nbd2 Nf8 14. Rf2 Nf7 15. h3
Bd6 16. c3 Bd7 17. Nf1 Rc8 18. Qd2 Qa5 19. g5 f5 20. Rg2 e5 21. h4 exf4 22.
exf4 Ng6 23. h5 Nxf4 24. Rh2 Nxe2+ 25. Rxe2 Rxe2 26. Qxe2 Re8 27. Qg2 Nd8 28.
Nh4 c4 29. dxc4 dxc4 30. Nd2 Qc5+ 31. Kf1 Bc6 32. Qh3 Qe5 33. Nxc4 Qe2+ 34. Kg1
Bc5+ 0-1

[Event "Montcalm I 2003-04"]
[Site "Quebec CAN"]
[Date "2003.09.25"]
[Round "3"]
[White "Lessard, Claude"]
[Black "Oliver, Vance"]
[Result "1-0"]
[WhiteElo "1858"]
[BlackElo "1411"]
[PlyCount "67"]
[EventDate "2003.09.11"]
[EventType "swiss"]
[EventRounds "5"]
[EventCountry "CAN"]

1. d4 Nf6 2. Nf3 g6 3. g3 Bg7 4. Bg2 d6 5. O-O O-O 6. c4 Nbd7 7. Nc3 e5 8. Bg5
exd4 9. Nxd4 c6 10. Qd2 Qa5 11. Rfd1 Nb6 12. b3 d5 13. Bxf6 Bxf6 14. Nxd5 Qxd2
15. Nxf6+ Kg7 16. Nh5+ Kh6 17. Rxd2 Kxh5 18. Rad1 Kh6 19. h3 Bd7 20. e4 Be6 21.
c5 Nc8 22. f4 Ne7 23. Nxe6 fxe6 24. Rd7 Ng8 25. Rxb7 Nf6 26. Rd6 Nh5 27. Kh2
Nxf4 28. gxf4 Rxf4 29. Rxe6 Raf8 30. Rxc6 Rf2 31. Rcc7 Rxa2 32. Rxh7+ Kg5 33.
Kg3 Rff2 34. h4+ 1-0

[Event "Montcalm I 2003-04"]
[Site "Quebec CAN"]
[Date "2003.10.02"]
[Round "4"]
[White "Bourassa, Andre"]
[Black "Dion, Jean-Francois"]
[Result "1/2-1/2"]
[WhiteElo "1744"]
[BlackElo "1854"]
[PlyCount "108"]
[EventDate "2003.09.11"]
[EventType "swiss"]
[EventRounds "5"]
[EventCountry "CAN"]

1. d4 Nf6 2. c4 g6 3. Nc3 Bg7 4. e4 d6 5. f3 O-O 6. Be3 e5 7. Qd2 Nc6 8. Nge2
Nd7 9. d5 Ne7 10. g4 f5 11. gxf5 gxf5 12. Bh6 Ng6 13. Bg5 Bf6 14. Rg1 f4 15.
Bxf6 Qxf6 16. O-O-O Rf7 17. Bh3 Nc5 18. Bxc8 Rxc8 19. b4 Nd7 20. Kb2 Kh8 21.
Na4 Nb6 22. Kb3 Nxa4 23. Kxa4 Rg7 24. Nc3 Rcg8 25. Qf2 Nh4 26. Rxg7 Rxg7 27.
Rg1 Rxg1 28. Qxg1 Nxf3 29. Qxa7 Qf7 30. Qxb7 Qd7+ 31. b5 Nxh2 32. Nd1 Ng4 33.
Kb4 Qd8 34. a4 Nf6 35. a5 Nxe4 36. b6 cxb6 37. axb6 Nc5 38. Qa7 Qd7 39. Qb8+
Kg7 40. Qa7 Kf7 41. Qxd7+ Nxd7 42. b7 Ke7 43. Kb5 Nb8 44. Nf2 f3 45. Kb6 Kd7
46. Ne4 h5 47. Nf6+ Kd8 48. Ne4 h4 49. Nf2 h3 50. c5 dxc5 51. Kxc5 Kc7 52. d6+
Kxb7 53. Kd5 h2 54. Kxe5 Nd7+ 1/2-1/2

[Event "Montcalm I 2003-04"]
[Site "Quebec CAN"]
[Date "2003.10.02"]
[Round "4"]
[White "Poliquin, Yvon"]
[Black "Berube, Antoine"]
[Result "0-1"]
[WhiteElo "1859"]
[BlackElo "1761"]
[PlyCount "120"]
[EventDate "2003.09.11"]
[EventType "swiss"]
[EventRounds "5"]
[EventCountry "CAN"]

1. e4 c5 2. Nf3 d6 3. d4 cxd4 4. Nxd4 Nf6 5. Nc3 a6 6. Bc4 e6 7. Bb3 Qc7 8. O-O
Be7 9. Be3 O-O 10. Kh1 Nc6 11. f4 Nxd4 12. Bxd4 b5 13. a3 Bb7 14. Qe2 Nd7 15.
f5 exf5 16. Rxf5 Bf6 17. Bxf6 Nxf6 18. Raf1 Kh8 19. Qf3 Qe7 20. Bd5 Bxd5 21.
exd5 Rae8 22. g4 Kg8 23. Kg2 Nd7 24. Rf2 Ne5 25. Qg3 Nc4 26. Nd1 Qe1 27. Rf1
Qd2+ 28. R5f2 Qxd5+ 29. Kg1 Nd2 30. Nc3 Qc5 31. Rd1 Nc4 32. b4 Qg5 33. h4 Re3
34. Rf3 Rxf3 35. Qxf3 Qxh4 36. Kg2 Re8 37. Nd5 Qg5 38. Nc7 Ne3+ 39. Kg1 Rc8 40.
Rxd6 Nxg4 41. Rxa6 Qc1+ 42. Kg2 Qxc2+ 43. Kh3 Qxc7 44. Qxg4 g6 45. Qf3 Qd7+ 46.
Kg3 h5 47. Ra8 Rxa8 48. Qxa8+ Kg7 49. Qf3 f6 50. Qe3 g5 51. Qc5 Kg6 52. a4 bxa4
53. b5 h4+ 54. Kg2 a3 55. b6 Qd2+ 56. Qf2 Qxf2+ 57. Kxf2 a2 58. b7 a1=Q 59.
b8=Q Qd4+ 60. Ke2 Qe5+ 0-1

[Event "Montcalm I 2003-04"]
[Site "Quebec CAN"]
[Date "2003.10.02"]
[Round "4"]
[White "Sauve, Richard"]
[Black "Audet-Bouchard, Nicolas"]
[Result "0-1"]
[WhiteElo "1921"]
[BlackElo "2176"]
[PlyCount "86"]
[EventDate "2003.09.11"]
[EventType "swiss"]
[EventRounds "5"]
[EventCountry "CAN"]

1. d4 Nf6 2. c4 e6 3. Nc3 Bb4 4. Qc2 Nc6 5. e3 O-O 6. Bd3 d6 7. Nge2 e5 8. d5
Bxc3+ 9. Qxc3 Ne7 10. O-O a5 11. Qc2 Ng6 12. Nc3 Nd7 13. Bf5 Nc5 14. Bxc8 Qxc8
15. b3 f5 16. f3 Qe8 17. Nb5 Qe7 18. Bb2 c6 19. Nc3 e4 20. f4 Nd3 21. dxc6 bxc6
22. Ne2 Nh4 23. Nd4 c5 24. Nb5 h6 25. Rad1 Kh7 26. Nc3 Qf7 27. Nd5 Ra6 28. Bc3
Rb8 29. Rb1 Ng6 30. Qd2 Qa7 31. Rfd1 Ne7 32. Nxe7 Qxe7 33. a3 Qa7 34. Qc2 a4
35. bxa4 Rxb1 36. Rxb1 Rxa4 37. h3 Rxa3 38. Rb5 Qf7 39. Bd2 Ra1+ 40. Kh2 Rf1
41. Bc3 Rf2 42. Qb1 Qg6 43. Qg1 Rc2 0-1

[Event "Montcalm I 2003-04"]
[Site "Quebec CAN"]
[Date "2003.10.09"]
[Round "5"]
[White "Audet-Bouchard, Nicolas"]
[Black "Auger, Bertrand"]
[Result "1-0"]
[WhiteElo "2176"]
[BlackElo "2052"]
[PlyCount "135"]
[EventDate "2003.09.11"]
[EventType "swiss"]
[EventRounds "5"]
[EventCountry "CAN"]

1. e4 e6 2. d4 d5 3. Nc3 dxe4 4. Nxe4 Bd7 5. Nf3 Bc6 6. Bd3 Nd7 7. O-O Ngf6 8.
Neg5 Bd6 9. Re1 h6 10. Nh3 Bxf3 11. Qxf3 c6 12. Nf4 Qa5 13. c3 O-O 14. Bd2 Rfe8
15. Qh3 Bf8 16. a3 e5 17. Ne2 exd4 18. Nxd4 Ne5 19. Bc2 Nc4 20. b4 Qh5 21. Qd3
Nxd2 22. Qxd2 g6 23. Bb3 c5 24. Nf3 b5 25. c4 Qf5 26. cxb5 cxb4 27. Nd4 Qd7 28.
axb4 Rad8 29. Red1 Re4 30. Qc2 Rxd4 31. Qxg6+ Bg7 32. Rxd4 Qxd4 33. Qxf7+ Kh8
34. Qxa7 Qb2 35. Qa2 Ng4 36. Qxb2 Bxb2 37. Ra2 Bd4 38. Kf1 Nxh2+ 39. Ke2 Ng4
40. f3 Nf6 41. Ra6 Kg7 42. Bc2 Rb8 43. Kd3 Bb6 44. Kc4 Rc8+ 45. Kb3 Rb8 46. Bd3
Kf7 47. Ra1 Rd8 48. Bc4+ Kg6 49. Re1 Rd6 50. Re5 Nd7 51. Re8 Kf6 52. Rc8 Ne5
53. f4 Nxc4 54. Kxc4 Rd4+ 55. Kc3 Rd6 56. Rc6 Ke6 57. g4 Bd8 58. Kc4 Kd7 59.
Kc5 Be7 60. Kb6 Bd8+ 61. Kb7 Rd5 62. b6 h5 63. g5 Bxg5 64. fxg5 Rxg5 65. Rh6
Rb5 66. Ka7 Rxb4 67. b7 Kc7 68. Rh7+ 1-0

[Event "Montcalm I 2003-04"]
[Site "Quebec CAN"]
[Date "2003.10.09"]
[Round "5"]
[White "Berube, Antoine"]
[Black "Sauve, Richard"]
[Result "1-0"]
[WhiteElo "1761"]
[BlackElo "1921"]
[PlyCount "105"]
[EventDate "2003.09.11"]
[EventType "swiss"]
[EventRounds "5"]
[EventCountry "CAN"]

1. d4 e6 2. c4 d5 3. Nc3 c6 4. e3 Nf6 5. Nf3 Nbd7 6. Qc2 a6 7. b3 b5 8. Bd3 Be7
9. O-O O-O 10. e4 b4 11. Na4 dxe4 12. Bxe4 Nxe4 13. Qxe4 Bb7 14. Ne5 Nxe5 15.
dxe5 Qc7 16. Re1 c5 17. Qg4 Rfd8 18. Bh6 Bf8 19. Re3 Rd4 20. f4 g6 21. Bxf8
Rxf8 22. Rf1 Rfd8 23. h4 Rd2 24. Re2 Qc6 25. Rff2 Rxe2 26. Qxe2 Rd4 27. Qe3 a5
28. Rd2 Rxd2 29. Qxd2 Kg7 30. Qf2 h5 31. Nxc5 Ba8 32. Na4 Qe4 33. Kh2 Qc6 34.
Nb6 Bb7 35. c5 Ba6 36. Na4 Bb7 37. Nb2 Qd5 38. Nc4 a4 39. Nb6 Qe4 40. Nxa4 Qc6
41. Nb2 Qd5 42. Nc4 Kh7 43. Nd6 Bc6 44. Nxf7 Kg7 45. Ng5 Ba8 46. Qf3 Kf8 47.
Qxd5 Bxd5 48. Kg3 Ke7 49. Nf3 Kd7 50. Nd4 Be4 51. Kf2 Bb1 52. Ke3 Bxa2 53. Kd3
1-0

[Event "Montcalm I 2003-04"]
[Site "Quebec CAN"]
[Date "2003.10.09"]
[Round "5"]
[White "Dion, Jean-Francois"]
[Black "Plante, Hendrick"]
[Result "0-1"]
[WhiteElo "1854"]
[BlackElo "1738"]
[PlyCount "93"]
[EventDate "2003.09.11"]
[EventType "swiss"]
[EventRounds "5"]
[EventCountry "CAN"]

1. d4 Nf6 2. Nf3 e6 3. Bf4 d5 4. e3 Bd6 5. Bxd6 Qxd6 6. c3 Nbd7 7. Be2 O-O 8.
Nbd2 c6 9. O-O Re8 10. Qc2 e5 11. Rfc1 e4 12. Ne1 Nf8 13. Qd1 g5 14. c4 Bd7 15.
Nc2 Ng6 16. b4 g4 17. a4 h5 18. b5 h4 19. Rcb1 Kg7 20. c5 Qc7 21. Nb4 g3 22.
fxg3 hxg3 23. h3 Rh8 24. Bf1 Rh6 25. bxc6 bxc6 26. Na6 Qc8 27. Rb2 Qh8 28. Qe2
Ng4 29. Rb7 Bc8 30. Rc7 Nf2 31. Rb1 Bxh3 32. gxh3 Rxh3 33. Bxh3 Qxh3 34. Qxf2
gxf2+ 35. Kxf2 Qh2+ 36. Ke1 Qg3+ 37. Ke2 Rh8 38. Rbb7 Rh2+ 39. Kd1 Nh8 40. Rb2
Qxe3 41. Nb4 Qxd4 42. Kc1 Rh1+ 43. Kc2 e3 44. Nxc6 Qxd2+ 45. Kb3 Qd3+ 46. Ka2
Qc4+ 47. Ka3 0-1

[Event "Montcalm I 2003-04"]
[Site "Quebec CAN"]
[Date "2003.10.09"]
[Round "5"]
[White "Theriault, Francis"]
[Black "Bourassa, Andre"]
[Result "0-1"]
[WhiteElo "1484"]
[BlackElo "1744"]
[PlyCount "150"]
[EventDate "2003.09.11"]
[EventType "swiss"]
[EventRounds "5"]
[EventCountry "CAN"]

1. d4 d5 2. c4 e6 3. Nf3 Nf6 4. Bg5 Be7 5. e3 h6 6. Bxf6 Bxf6 7. cxd5 exd5 8.
Bd3 O-O 9. b4 Qe7 10. a3 Bg4 11. Be2 Nc6 12. Nc3 Rad8 13. O-O Rfe8 14. Rc1 a6
15. Re1 Na7 16. Qb3 c6 17. Kf1 Rd6 18. Na4 Nb5 19. Nc5 b6 20. Na4 Re6 21. Ne5
Bxe2+ 22. Rxe2 Bxe5 23. dxe5 Rxe5 24. Rxc6 Nd4 25. Qc3 Nxe2 26. Kxe2 Qd7 27.
Nxb6 Qg4+ 28. Kf1 Qd1+ 29. Qe1 Qxe1+ 30. Kxe1 d4 31. Nc4 R5e6 32. Rc7 dxe3 33.
Nxe3 Rb8 34. Rc5 Rb5 35. Rc8+ Kh7 36. Rc4 a5 37. Kd2 axb4 38. axb4 Rf6 39. f3
Rd6+ 40. Kc3 Ra6 41. Kb3 Ra1 42. Rc2 Rb1+ 43. Rb2 Rxb2+ 44. Kxb2 Rxb4+ 45. Kc2
Ra4 46. Kd1 Kg6 47. Ke2 Ra2+ 48. Kf1 Kg5 49. h4+ Kf4 50. Nd5+ Kg3 51. Ne3 g6
52. h5 Rf2+ 53. Kg1 Re2 54. Nf1+ Kh4 55. hxg6 fxg6 56. Kh2 Ra2 57. Ne3 Kg5 58.
Nf1 Kf4 59. Ng3 h5 60. Ne4 h4 61. Nf6 Rf2 62. Nd5+ Kg5 63. Nc3 Kf4 64. Nd5+ Ke5
65. Ne3 Re2 66. Ng4+ Kf4 67. Nf6 Re1 68. Ng4 Rf1 69. Nf6 h3 70. Nd5+ Ke5 71.
Ne3 hxg2 72. Kxg2 Ra1 73. Kg3 Rc1 74. Kg4 Rg1+ 75. Kh3 Kf4 0-1